00686nam a2200205 i 4500001001100000003000500011005001700016008004100033040002500074082001400099110004100113245007700154264006700231300002300298336002100321337002500342338002300367650003700390710005300427C2-0278503PPAK20180728010126.0070326s2005 my |||| ||||| | eng d aPPAKbengcPPAKerda04a657.32232 aLembaga Piawaian Perakaunan Malaysia00aFinancial reporting standard - FRS 116 : bproperty, plant and equipment 1aKuala Lumpur : bLembaga Piawaian Perakaunan Malaysia , c2005 a28 pages ; c21 cm 2rdacontentatext 2rdamediaaunmediated 2rdacarrieravolume10aFinancial statements - Malaysia.2 aLembaga Piawaian Perakaunan Malaysia eorganizer